000 00556nam a2200181Ia 4500
008 151018s9999 xx 000 0 und d
082 _bRBASDV53882
_a891.463
100 _aमिलिंद बोकील
245 _aझेन गार्डन
250 _b2
260 _bपुणे प्रकाशन
_c2004
300 _a232
600 _aमिलिंद बोकील
630 _aझेन गार्डन
700 _aमिलिंद बोकील
730 _aझेन गार्डन
942 _cBOOK
999 _c1051677
_d1051674